Historia del erotismo : Antigüedad /
Guardado en:
| Autor principal: | |
|---|---|
| Otros autores: | , |
| Formato: | Libro |
| Idioma: | Español |
| Publicado: |
México :
Mylsa,
1968, c1968
|
| Colección: | (Obras Clásicas Mylsa)
|
| Etiquetas: |
Sin etiquetas, Sé el primero en etiquetar este registro!
|
MARC
| LEADER | 00000nam^a2200000^a^4500 | ||
|---|---|---|---|
| 001 | 000597081 | ||
| 005 | 20251015000000.0 | ||
| 009 | 20260310133119.205 | ||
| 025 | |a Donación Juan Lafarga Corona, 1 ejemplar | ||
| 037 | |a Acervo Xavier Clavigero | ||
| 041 | |a ESP | ||
| 091 | |a FLC. 00137 | ||
| 100 | |a Brusendorff, Ove |e (autor) | ||
| 245 | 1 | 0 | |a Historia del erotismo : |b Antigüedad / |
| 246 | 2 | |a Título en la cubierta: Una historia del erotismo: Antigüedad | |
| 264 | 4 | |a México : |b Mylsa, |c 1968, c1968 | |
| 300 | |a 124 p., [48 p. de láminas] | ||
| 336 | |a texto |b txt |2 rdacontenido | ||
| 337 | |a sin mediación |b n |2 rdamedio | ||
| 338 | |a volumen |b nc |2 rdasoporte | ||
| 440 | 1 | |a (Obras Clásicas Mylsa) | |
| 500 | |a Traducción de: A History of Eroticism | ||
| 561 | |a Ex libris de la Biblioteca Dr. Juan Lafarga Corona | ||
| 561 | |a Ex libris del INIDH Instituto Nacional de Investigación en Desarrollo Humano | ||
| 649 | |a XX | ||
| 700 | |a Henningsen, Poul |e (autor) | ||
| 700 | |a Cueva, Jorge de la |e (traducción) | ||
| 910 | |a Fondo Juan Lafarga Corona S.J. | ||
| 920 | |a Impresos - Libros | ||
| 930 | |a Fondos Especiales | ||
| 905 | |a 145 | ||
| 901 | |a 597081-10 |b IT2 |c ESL |i D |u 20250521 | ||
| 902 | |a https://opac.biblio.iteso.mx/vufind/Record/000597081 | ||